Invertir en la seguridad alimentaria. Investir dans la sécurité alimentaire. Investing in food security

שמור ב:
מידע ביבליוגרפי
מחבר תאגידי: FAO
פורמט: Texto
יצא לאור: Roma: FAO
תגים: הוספת תג
אין תגיות, היה/י הראשונ/ה לתייג את הרשומה!

MARC

LEADER 00000 a a2200000 04500
001 24055
003
040
090 |a 170700  
110 |a FAO  
245 |a Invertir en la seguridad alimentaria. Investir dans la sécurité alimentaire. Investing in food security  
260 |a Roma:   |b FAO  
300 |a 16 p.  
999 |c 11745  |d 11745